00857 2200181 4500245006900000020002200069250001100091100001900102700002500121650001700146005001900163260003300182041001400215084000800229300002300237500040600260336000900666 aLupita b : Lu Pikir Gua Pengemis Cinta ?cDian KristianihText a978-602-249-393-8 aCet. 1 aDian Kristiani aDeesis Edith Mesiani aNovel Remaja a20231005111930 aJakartabBhuana Sastrac2013 aIndonesia a813 a278 hlm. :c19 cm. ajudul:lupitaLupita , cantik, modis , karier bagus di perusahaan furnitur konon nama lupita singkatan dari 'Lu pikir gua pengemis cinta' itu kalimat yang diteriakan mama saat mengejan melahirkan lupita mama tereiak begitu , karena papa kabur kawin lagi , tepat dihari lupita nongol dimuka bumi . Karena perilaku papa itu pula , Lupita tak mau menikah dengan pria lokal tukang selingkuh ! itu alasannya. atext